00675nam a2200229Ia 4500003000900000008004100009040001300050040001300063041000800076100001800084245003400102250001100136260000800147260000900155300001100164300001200175490002600187490000600213942000700219999001700226952020200243IT-RoPAU120407s9999 xx 000 0 und d aIT-RoPAU cIT-RoPAU aita aAlberto Basso aL’età di Bach e di Hendel aTorino aEdt c1976 a181 p. c20,5 cm aStoria della musica,5 v5 cBK c27468d27468 00102ddc406780_900000000000000_1471aPAULUSbPAULUSd2012-04-11l0o780.9.14r2012-04-11 00:00:00w2012-04-11yBKzInserito da: Carla In data: 24 ottobre 2011 fondo: Via A.Severo 56 Progr:17244